Loga klubów La Ligi 25/26 - Statystyki

Ogólne statystyki
  • Ten quiz został rozwiązany 59 razy
  • Średni wynik to 17 z 20
Statystyki odpowiedzi
Obrazkowy Odpowiedź % Poprawnych
CA Osasuna
96%
Atletico Madryt
94%
FC Barcelona
93%
Celta Vigo
91%
Girona
91%
Getafe CF
89%
Levante UD
89%
Real Madryt
89%
Real Betis Balompie
87%
Sevilla FC
87%
Athletic Bilbao
85%
Deportivo Alaves
85%
Espanyol de Barcelona
85%
Elche FC
83%
Mallorca
83%
Real Sociedad
83%
Valencia FC
81%
Rayo Vallecano
80%
Villarreal
80%
Real Oviedo
72%
Nie znaleziono quizów pasujących do podanych kryteriów
Rozkład punktacji
Procent ludzi z każdym wynikiem
Percentyl według liczby udzielonych odpowiedzi
Twoja historia wyników
Nie rozwiązałeś tego quizu